Statistics for Five Biggest Countries by 20 Closest Countries

Click here to take the quiz!

General Stats

  • This quiz has been taken 2,332 times
    (2,318 since last reset)
  • The average score is 30 of 36

Answer Stats

HeaderCountry% Correct
United StatesCanada
100%
United StatesMexico
99%
United States, UkraineRussia
98%
ChileBrazil
97%
ChileArgentina
96%
New ZealandAustralia
96%
IndiaChina
95%
SpainFrance
95%
OmanSaudi Arabia
95%
ChileColombia
92%
ChilePeru
92%
SpainAlgeria
91%
India, New ZealandIndonesia
90%
Oman, IndiaIran
90%
ChileBolivia
88%
IndiaPakistan
88%
South AfricaDR Congo
87%
SpainMorocco
87%
UkraineTurkey
85%
Ukraine, IndiaKazakhstan
83%
South AfricaNamibia
83%
South AfricaAngola
82%
South AfricaMozambique
80%
OmanIndia
79%
New ZealandPapua New Guinea
79%
UkrainePoland
78%
South AfricaTanzania
77%
SpainMali
75%
OmanEthiopia
74%
UkraineRomania
74%
OmanSudan
74%
SpainMauritania
73%
New ZealandPhilippines
65%
New ZealandUnited States
61%
United StatesHonduras
57%
United StatesNicaragua
57%

Score Distribution

Percentile by Number Answered

Percent of People with Each Score

Your Score History

You have not taken this quiz since the last reset